000 00723nam a2200193 a 4500
001 BRCA_1634
005 20190320203504.0
008 310805s1998----us-a---f##---#001-0#ing-#
020 _a875351522
050 4 _aN7611.2
_b.L46 1998
100 1 _aLenaghan, Patrick
_92219
245 1 0 _aImages for the Spanish Monarchy
_bArt and the State, 1516-1700
_cby Patrick Lenaghan.
260 _aNew York
_bThe Hispanic Society of America
_c1998
300 _a72 p.
_bil. (algunas a color)
_c18 cm.
500 _aCatálogo de la exposición realizada por The Hispanic Society of America, 3 diciembre, 1998 - 21 febrero, 1999
504 _aBibliografía : p. 71-72
650 1 4 _aRetratos españoles
_vExposiciones
_95119
942 _2lcc
_cB
999 _c1438
_d1438